Statistiques concernant Les plus grandes agglomérations de Moldavie

Cliquez ici pour prendre le quiz!

Statistiques générales

  • Ce quiz a été pris 41 fois
  • Le résultat moyen est 3 sur 5

Statistiques - réponses

PlaceHabitantsNom% Correct
1.674 500Agglomération de Chișinău
100%
2.159 163Agglomération de Tiraspol
90%
3.149 800Agglomération de Bălți
50%
4.92 383Agglomération de Bender
13%
5.48 457Agglomération de Rîbnița
10%

Distribution des résultats

Percentile par nombre de réponses

% des personnes avec chaque résultat

Votre développement - résultats

Vous n’avez pas pris ce quiz